Del bibliobús a la taula : receptes de proximitat 2017 / receptes de proximitat 2017 /
Publicado:
Barcelona :
Diputació de Barcelona, Xarxa de Biblioteques Municipals ; Generalitat de Catalunya. Departament de Cultura ,
2016
Descripción Física:
1 calendari ; 21 x 30 cm
Idioma:
Catalán
MARC
| LEADER | 00000nam a22000007a 4500 | ||
|---|---|---|---|
| 001 | 26061 | ||
| 008 | 220628b spa||||| |||| 00| 0 cat d | ||
| 080 | |a NBM-14-18 | ||
| 245 | |a Del bibliobús a la taula : |b receptes de proximitat 2017 / |c fotografia: Joan Valera | ||
| 260 | |a Barcelona : |b Diputació de Barcelona, Xarxa de Biblioteques Municipals ; |b Generalitat de Catalunya. Departament de Cultura, |c 2016 | ||
| 300 | |a 1 calendari ; |c 21 x 30 cm | ||
| 650 | 0 | |2 Arxiu |9 38788 |a Cuina | |
| 650 | 0 | |a Bibliobusos |z Barcelona (Catalunya : Província) |9 30563 | |
| 655 | 0 | |9 52767 |a Calendaris | |
| 710 | 1 | |a Barcelona (Catalunya : Província). |b Xarxa de Biblioteques Municipals |9 52650 | |
| 710 | 2 | |a Catalunya. |b Departament de Cultura |9 52819 | |
| 942 | |2 udc |c ARXIU |n 1 | ||
| 952 | |0 0 |1 0 |4 0 |6 NBM1418 |7 1 |9 62542 |a Arxiu |b Arxiu |d 2022-06-28 |l 0 |o NBM-14-18 |p 26061 |r 2022-06-28 00:00:00 |w 2022-06-28 |y ARXIU | ||
| 999 | |c 82146 |d 82146 | ||